| 000 | 00826nac a22002291u 4500 | ||
|---|---|---|---|
| 010 | _a 88037027 | ||
| 020 | _a0716750503 | ||
| 082 | 0 | 0 |
_a612.821 _bHOB |
| 090 |
_c6310 _d6310 |
||
| 100 | _aHobson, J. Allan, | ||
| 245 | 1 | 0 |
_aSleep / _cJ. Allan Hobson. |
| 260 |
_aNew York : _bScientific American Library : _bDistributed by W.H. Freeman,c1989. _cc1989. |
||
| 300 |
_axiii, 213 p. : _bill. (chiefly col.) ; _c24 cm. |
||
| 440 | 0 |
_aScientific American Library series, _vno. 27 |
|
| 500 | _aIncludes index. | ||
| 500 | _aDistributer: Al-Ahram. | ||
| 504 | _aBibliography: p. [205]-206. | ||
| 511 | _aCatalogued By: Mahitab. | ||
| 650 | 0 | _aSleep. | |
| 942 |
_cBB _k612.821HOB |
||
| 999 |
_c6310 _d6310 |
||